| 000 | 00847nam a22002657a 4500 | ||
|---|---|---|---|
| 001 | 175 | ||
| 003 | BD-RjUL | ||
| 005 | 20211208233127.0 | ||
| 008 | 131123s1962 enk||||| |||| 001 0 eng d | ||
| 035 | _a(BD-RjUL)188 | ||
| 040 |
_aBD-RjUL _beng _cBD-RjUL |
||
| 041 | _aeng | ||
| 082 | 4 |
_220 _a940.5 _bHAU 1962 |
|
| 100 | 1 |
_aHallstein, Walter, 1901-1982. _9549 |
|
| 245 | 1 |
_aUnited Europe: _bchallenge and opportunity. _cWalter Hallstein |
|
| 260 |
_aCambridge: _b Harvard University Press, _cc1962. |
||
| 300 |
_a109 p. _c21 cm. |
||
| 490 | _a The William L. Clayton lectures on international economic affairs and foreign policy, 1961-1962 | ||
| 526 | _bhistory | ||
| 650 | 7 |
_2SLSH _a European federation. _9612 |
|
| 650 |
_2SLSH _aHistoria Da Europa _9613 |
||
| 650 |
_2SLSH _aUnion européenne. _9614 |
||
| 942 |
_2ddc _cBK |
||
| 999 |
_c175 _d175 |
||